LEADER 01943nam 2200409 n 450 001 996391257103316 005 20221107235939.0 035 $a(CKB)4940000000105124 035 $a(EEBO)2264220861 035 $a(UnM)99853894 035 $a(EXLCZ)994940000000105124 100 $a19920706d1609 uy | 101 0 $aeng 135 $aurbn||||a|bb| 200 02$aA golden keye$b[electronic resource] $eopening the locke to eternall happines. Containing seuen most sweete and comfortable directions to a Christian life. By Francis Dillingham, Bachelor in Diuinitie, and Preacher of Gods word at Wilden in Bedfordshire. The contents follow in the next page 210 $aLondon $cPrinted [by J. Windet] for Iohn Tapp, and are to be sold at his shop on Tower-hil neare the Bulwarke Gate$d1609 215 $a[8], 52, [2] p.; [4], 57; [5], 34 leaves 300 $aPrinter's name from STC. 300 $aIn two parts; register and pagination separate. 300 $aPart 2 has separate dated title page, reading: Christian Oeconomy. Or Houshold gouernment. 300 $a"A sermon preached at the solemnization of the funeral of the right vertuous and worshipful Lady Elizabeth Luke" has separate dated title page. 300 $aPart 2 formerly also STC 6880; identified as STC 6880 on UMI microfilm, reel 579. 300 $aReproductions of the original in the Folger Shakespeare Library. 300 $aAppears at reel 579 #8 (part 1 only) and #9 (part 2 only, identified as STC 6880) (Folger Shakespeare Library copy). 330 $aeebo-0055 606 $aConduct of life$vEarly works to 1800 615 0$aConduct of life 700 $aDillingham$b Francis$fd. 1625.$01003764 702 $aDillingham$b Francis$fd. 1625.$4aut 801 0$bCu-RivES 801 1$bCu-RivES 801 2$bCStRLIN 801 2$bWaOLN 906 $aBOOK 912 $a996391257103316 996 $aA golden keye$92358589 997 $aUNISA LEADER 05621oam 2201129 n 450 001 9910496017503321 005 20241118124853.0 010 $a8490963355 024 7 $a10.4000/books.cvz.25705 035 $a(CKB)4100000012012425 035 $a(FrMaCLE)OB-cvz-25705 035 $a(PPN)257806024 035 $a(oapen)doab113538 035 $a(EXLCZ)994100000012012425 100 $a20210901d2021|||| ||| 0 101 0 $afre 135 $aur||||||m|||| 181 $ctxt$2rdacontent 182 $cc$2rdamedia 183 $acr$2rdacarrier 200 04$aLes archives familiales dans l?Occident médiéval et moderne$eTrésor, arsenal, mémorial$fVéronique Lamazou-Duplan 210 $aMadrid$cCasa de Velázquez$d2021 215 $a1 online resource (XII-555 p.) 225 1 $aCollection de la Casa de Velázquez 311 1 $a8490963347 330 $aHistoriens et archivistes ont noué un dialogue original et fécond pour proposer dans ce volume une réflexion sur les archives dites de famille. Elle confronte les regards, les recherches et des expériences pour un sujet inscrit à la croisée de champs scientifiques renouvelés : l?étude des pratiques de l?écrit, l?histoire des archives ? et l?archivistique / l?archival science ?, de la parenté. Toutes les dimensions des archives familiales sont interrogées (archives des familles royales ? ou du royaume ? ?, nobles, dans leur diversité, mais aussi marchandes et paysannes ; fabrique des archives / de la « famille », du lignage, de la Maison ?) dans une péninsule Ibérique ouverte à la comparaison avec d?autres aires géographiques. Dépassant la classique césure entre Moyen Âge et Modernité, la production, conservation, transmission et réorganisation des archives familiales, désormais sujets d?étude per se, sont saisies en mouvement, dans leur historicité et dans la transversalité sociale des pratiques. En la Edad Media y en los tiempos modernos, las familias aristocráticas y nobles, pero también las de comerciantes y campesinos, conservaban y transmitían documentos importantes para defender sus derechos, administrar adecuadamente, construir su dominio y su memoria. Centrado en la Península Ibérica y abierto a comparaciones en el Occidente cristiano, este libro estudia el fenómeno de la archivística que afecta a la historia, los derechos y la memoria de las familias, la génesis de estos archivos familiares, su historia a lo largo de las generaciones, su estatus y su papel: tesoro, arsenal, memorial. 606 $aHistory 606 $aarchivistique 606 $aarchive nobiliaire 606 $aMoyen Âge 606 $aArchivística$2EMBUS 606 $aarchivo nobiliario 606 $aEdad Media 610 $aarchive nobiliaire 610 $aarchivistique 610 $aEspagne 610 $aMoyen Âge 610 $aPortugal 615 4$aHistory 615 4$aarchivistique 615 4$aarchive nobiliaire 615 4$aMoyen Âge 615 7$aArchivística 615 4$aarchivo nobiliario 615 4$aEdad Media 700 $aLamazou-Duplan$b Ve?ronique$00 701 $aArizaleta$b Amaia$0289523 701 $aCalleja Puerta$b Miguel$00 701 $aChastang$b Pierre$01285739 701 $aDacosta$b Arsenio$01430611 701 $aBorja de Aguinagalde$b F$01430612 701 $aDi?az de Durana$b Jose? Ramo?n$01874078 701 $aFarelo$b Ma?rio$00 701 $aGifre i Ribas$b Pere$01874079 701 $aGimeno Blay$b Francisco M$01430615 701 $aGómez Ferrer$b Maria Pau$01430616 701 $aGómez Vozmediano$b Miguel F$01430617 701 $aGonza?lez Zalacain$b Roberto J$01874080 701 $aGoulet$b Anne$01430619 701 $aHerreros Lopetegui$b Susana$01874081 701 $aInsabato$b Elisabetta$01357569 701 $aIranzo Mun?i?o$b Ma. Teresa$g(Mari?a Teresa)$01874082 701 $aJular Pe?rez-Alfaro$b Cristina$01874083 701 $aLafuente Urie?n$b Ara?nzazu$01874084 701 $aLamazou-Duplan$b Ve?ronique$00 701 $aLeme$b Margarida Ortiga?o Ramos Paes$01430623 701 $aLluch Bramon$b Rosa$f1969-$01430624 701 $aLopes$b Filipa$01326566 701 $aLo?pez Rodri?guez$b Carlos$0431332 701 $aBarreiros Malheiro da Silva$b Armando$01430626 701 $aMikes$b Tu?nde$00 701 $aMiranda Garci?a$b Fermi?n$01299543 701 $aMorsel$b Joseph$01284491 701 $aMunita Loinaz$b Jose? Antonio$01874085 701 $aNieus$b Jean-Franc?ois$00 701 $aNu?n?ez Pestan?o$b Juan Ramo?n$01874086 701 $aOrti Gost$b Pere$01874087 701 $aPaviot$b Jacques$0779335 701 $aPaz Moro$b Agurtzane$01874088 701 $aPe?bay$b Isabelle$01874077 701 $aPin?ol Alabart$b Daniel$01874089 701 $aPons Alo?s$b Vicente$01874090 701 $aRami?rez Vaquero$b Eloi?sa$01874091 701 $aRodrigues$b Abel 701 $aRodrigues$b Jose? Damia?o$f1962-$01281843 701 $aRomero Tallafigo$b Manuel$01874092 701 $aRosa$b Maria de Lurdes$01363877 701 $aSampaio da Nóvoa$b Rita Luís$01430634 701 $aSimo?n Lleixa?$b Erola$01874093 701 $aCa?mara$b Maria Joa?o da$01430636 701 $aTo Figueras$b Llui?s$01874094 701 $aJesús Zubiaga$b Valdivielso$01430637 801 0$bFR-FrMaCLE 906 $aBOOK 912 $a9910496017503321 996 $aLes archives familiales dans l?Occident médiéval et moderne$94484444 997 $aUNINA